000 00838nam a2200217 a 4500
999 _c6323
_d6323
001 6323
003 BD-JhCC
005 20180121173951.0
008 180121s1988 bg |||| ||a| 000 0 ben d
035 _a(BD-JhCC)6323
040 _aBD-JhCC
_dBD-JhCC
041 _aben
082 _a297
_bARA 1988
245 _aহারামাইন শরীফাইনের সেবায় সউদী আরব তথ্য ও পরিসংখ্যান /
_cআবদুস শাকুর খন্দকার অনুবাদ
260 _aঢাকা :
_bরাজকীয় সউদী আরব দূতাবাস,
_c১৯৮৮.
300 _a54 p. :
_c21 cm.
650 _aService Of Haramine
_zSaudia Arabia
700 _a খন্দকার, আবদুস শাকুর
942 _2ddc
_cBK